Normal view
MARC view
- Muhammad Talal Hassan
Entry Personal Name
001 - CONTROL NUMBER
- control field: 98852
003 - CONTROL NUMBER IDENTIFIER
- control field: NUST
005 - DATE AND TIME OF LATEST TRANSACTION
- control field: 20220908111751.0
008 - FIXED-LENGTH DATA ELEMENTS
- fixed length control field: 220908|| aca||aabn | a|a d
040 ## - CATALOGING SOURCE
- Original cataloging agency: NUST
- Transcribing agency: NUST
100 ## - HEADING--PERSONAL NAME
- Personal name: Muhammad Talal Hassan
670 ## - SOURCE DATA FOUND
- Source citation: Work cat.: (NUST)12228: Muhammad Talal Hassan, Quantifying the multiple cognitive radio interfaces advantage., 2013
